000 00275 a2200097 4500
020 _a9789364870665
100 _aP. Nagendranath
245 _aParayipetta panthirukulam(പറയിപെറ്റ പന്തിരുകുലം)
260 _bD C books
_c2024
942 _cOO
999 _c115321
_d115320